000 00608nam a2200193Ii 4500
003 JO-AjNU
008 230605s9999||||xx |||||||||||||| ||und||
040 _aJO-AjNU
_bara
_erda
_cJO-AjNU
041 _aara
050 1 4 _aQA 76 .M33 2010
100 3 _aمزاهرة، ايمن واخرون,
_eauthor
_944453
245 0 0 _a مهارات الحاسوب (2)
264 3 1 _aعمان:دار الشروق ، 2010
300 _a192ص
336 _atext
_btxt
_2rdacontent
337 _aunmediated
_bn
_2rdamedia
338 _avolume
_bnc
_2rdacarrier
650 4 _aالحاسبات الالكترونية
_944454
999 _aA19196
_c22764
_d22764